00875nam a22002417a 4500003000400000005001700004008004100021040002200062082001800084100003000102245005100132260004600183300001800229366000800247490001900255505006400274650005500338650004700393650004800440650004400488650004500532650005600577OSt20231004093342.0221006b |||||||| |||| 00| 0 eng d cBiblioteca Lado V a709.05bC955c aCruickshank, Alaneeditor aContemporary Visual Arts+Culture/bBroadsheet/ aAustraliac2004bComtemporary Center S.A. c27x30cma61p. eeng v2004x0819677X tCOLUMNSaPASSAGES BOOKS PERFORMANCE FILM SLANT TOP TEN 2Tesauro de Arte & ArquitecturaaARTE COMTEMPORANEO 2Tesauro de Arte & ArquitecturaaFOTOGRAFIA 2Tesauro de Arte & ArquitecturaaARTE VISUAL 2Tesauro de Arte & ArquitecturaaCULTURA 2Tesauro de Arte & ArquitecturaaNOTICIAS 2 Tesauro de Arte & ArquitecturaaARTE INTERNACIONAL